000 00492nam a22001577a 4500
008 161213b xxu||||| |||| 00| 0 eng d
022 _a0893-8989
082 _aDPer 363.205 P75 May-Dec 2015 v. 39
100 _918249
_aMay, Beck
245 _aFootwear/
_cBeck May.
260 _aCalifornia:
_bBobit Business Media,
_cc2015.
300 _av39 n5, pages 22-25;
_c28 cm.
500 _aPolice: the law enforcement magazine.
650 0 _918250
_aFootwear
_xLaw enforcement
942 _2ddc
_cPER
999 _c6011
_d6011